Historycy nie mają ojczyzny
| Titel: | Historycy nie mają ojczyzny |
|---|---|
| Verfasser: | |
| In: |
Borussia, Band 17 (1998), Seite 289-298 alle Artikel anzeigen |
| Veröffentlicht: | 1998 [1999] |
| Format: | Aufsatz |
| Sprache: | Polnisch |
X
alg: 39486038 001A $01999:12-11-16 001B $01999:03-08-21 $t21:04:41.000 001C $06050:19-11-16 $t09:35:20.000 001D $01999:12-11-16 001U $0utf8 001X $00 002@ $0Aox 003@ $0394860381 007A $0394860381 $aHEB 007T $0Herd41354 010@ $apol 011@ $a1998 $n1998 [1999] 021A $aHistorycy nie mają ojczyzny 028A $aLinek $dBernard 031A $d17 $h289-298 $j1998 039B $aIn $8--Abvc--. Borussia. - Olsztyn : [Verlag nicht ermittelbar], 1991-2017. - ISSN 0867-6402 $x199800000170000711 $9048604585 039T $8--Aau--Madajczyk, Piotr$Z1959- [Tp1]. Przyła̜czenie Śla̜ska Opolskiego do Polski. - Warszawa : Instytut Studiów Politycznych Polskiej Akademii Nauk, 1996. - 319 S.. - ISBN 83-86759-26-7 $9054147301 045F $a900.94385 $eDDC23BSB 045F/01 $a900 045F/03 $g4385 045T $a8,1 $a7,41 lok: 39486038 78 exp: 39486038 78 1 #EPN 201B/01 $018-11-16 $t12:57:59.000 201U/01 $0utf8 203@/01 $0791158977 208@/01 $a12-11-16 $be 209A/01 $a/ $f000 $x00 220C/01 $aTitelaufnehmer: cs 244Z/01 $2Trx $#Silesia $#Śląsk $#Sliezsko $#Slezsko $8--Trx--Schlesien $x01 $9391173987 244Z/01 $2Trx $#arvustused $#recenzijos $#Reviews $#recenziók $#recenzje $#recenzie $#recenze $8--Trx--Rezensionen $x02 $9391357441 247C/01 $82080>Marburg/Lahn, Herder-Institut, Forschungsbibliothek, Bibliographieportal $9336309341
| LEADER | 00000caa a22000002c 4500 | ||
|---|---|---|---|
| 001 | 394860381 | ||
| 003 | DE-603 | ||
| 005 | 20210803210441.0 | ||
| 007 | tu | ||
| 008 | 161112s1998 xx |||| | u00||u|pol c | ||
| 035 | |a (DE-599)HEB394860381 | ||
| 040 | |a DE-603 |b ger |c DE-603 |d DE-603 | ||
| 041 | |a pol | ||
| 082 | 0 | 4 | |8 1\u |a 900.94385 |q DE-101 |2 23/BSB |
| 084 | |a 8,1 |a 7,41 |2 ssgn | ||
| 085 | |8 1\u |b 900 | ||
| 085 | |8 1\u |z 2 |s 4385 | ||
| 100 | 1 | |a Linek, Bernard | |
| 245 | 0 | 0 | |a Historycy nie mają ojczyzny |
| 264 | 0 | |c 1998 [1999] | |
| 773 | 0 | 8 | |i In |t Borussia |d Olsztyn : [Verlag nicht ermittelbar], 1991-2017 |x 0867-6402 |g Band 17 (1998), Seite 289-298 |w (DE-603)048604585 |w (DE-600)1110008-4 |
| 787 | 0 | 8 | |i Rezension von |a Madajczyk, Piotr, 1959- |t Przyła̜czenie Śla̜ska Opolskiego do Polski |d Warszawa : Instytut Studiów Politycznych Polskiej Akademii Nauk, 1996 |h 319 S. |z 8386759267 |w (DE-603)054147301 |
| 924 | 0 | |9 2080 |a (DE-603)791158977 |b DE-2080 |c HES |d d |g / | |


